| 000 | 01479nam0a2200313 4500 | ||
|---|---|---|---|
| 001 | RU\NLR\bibl\305580 | ||
| 005 | 20250620150429.0 | ||
| 010 |
_a5-89781-023-0 _9400 |
||
| 035 | _a(NLR Aleph) 000300746 | ||
| 090 |
_a1762063 _c1762063 |
||
| 100 | _a20020912d2000 |||y0rusy50 ca | ||
| 101 | 0 | _arus | |
| 102 | _aRU | ||
| 105 | _ay ||||||||| | ||
| 200 | 1 |
_aЗаконность и права личности : административная юстиция в России (вторая половина ХIХ в. - октябрь 1917 г.) _fЕ.А. Правилова _gРос. акад. наук, Ин-т рос. истории. С.-Петерб. фил., Сев.-Зап. акад. гос. службы |
|
| 210 |
_aСПб. _cСЗАГС _cОбразование - культура _d2000 |
||
| 215 |
_a286, [1] с. _d21 |
||
| 320 | _aБиблиогр.: с. 269-280 | ||
| 320 | _aИмен. указ.: с. 281-285 | ||
| 606 | 0 |
_aУправление административное _xИстория _yРоссия _92259611 _3RU\NLR\auth\661354948 |
|
| 606 | 0 |
_aМестное самоуправление _xИстория _yРоссия _92166839 _3RU\NLR\auth\661303705 |
|
| 686 | _aХ819(2)011 | ||
| 686 | _aХ819(2)011.2 | ||
| 700 | 1 |
_aПравилова _bЕ. А. _gЕкатерина Анатольевна _4070 |
|
| 801 | 0 |
_aRU _bNLR _c20020912 _gPSBO |
|
| 801 | 1 |
_aRU _bNLR _c20020912 |
|
| 942 | _cBOOK | ||
| 980 | _aNB | ||